000 00692nam a2200229Ia 4500
001 2931
003 GE_BSU
008 181216s||||||||xx |||||||||||||| ||und||
040 _cGE_BSU
080 _a541.1(075.8)
100 _aКиреев,В.А.
245 _aКраткий курс физической химии.
245 _bУчебник.
245 _cРед.В.А.Щеголева.
250 _aИзд. четвёртое, дополненное и переработанное.
260 _aМ.
260 _bХимия.
260 _c1969.
300 _a638стр. с илл. 22см.
653 _aКраткий курс физической химии.
942 _cBK
999 _c36979
_d36979